Faces in a mirror : (Record no. 25494)

MARC details
000 -LEADER
fixed length control field 00904cam a2200277 i 4500
001 - CONTROL NUMBER
control field 1826127
003 - CONTROL NUMBER IDENTIFIER
control field BDDh-ASL
005 - DATE AND TIME OF LATEST TRANSACTION
control field 20231015030507.0
008 - FIXED-LENGTH DATA ELEMENTS--GENERAL INFORMATION
fixed length control field 800325s1980 njuaf 001 0aeng
010 ## - LIBRARY OF CONGRESS CONTROL NUMBER
LC control number 80013509
020 ## - INTERNATIONAL STANDARD BOOK NUMBER
International Standard Book Number 0132991314
040 ## - CATALOGING SOURCE
Original cataloging agency DLC
Transcribing agency DLC
Modifying agency DLC
-- BDDh-ASL
043 ## - GEOGRAPHIC AREA CODE
Geographic area code a-ir---
050 00 - LIBRARY OF CONGRESS CALL NUMBER
Classification number DS318
Item number .A85
082 00 - DEWEY DECIMAL CLASSIFICATION NUMBER
Classification number 955.0530
Edition number 19
Item number PAF
100 1# - MAIN ENTRY--PERSONAL NAME
Personal name Pahlavi, Ashraf,
Titles and words associated with a name Princess,
Dates associated with a name 1919-2016.
245 10 - TITLE STATEMENT
Title Faces in a mirror :
Remainder of title memoirs from exile /
Statement of responsibility, etc. Ashraf Pahlavi.
260 ## - PUBLICATION, DISTRIBUTION, ETC.
Place of publication, distribution, etc. Englewood Cliffs, N.J. :
Name of publisher, distributor, etc. Prentice-Hall,
Date of publication, distribution, etc. c1980.
300 ## - PHYSICAL DESCRIPTION
Extent xvi, 238 p., [16] leaves of plates :
Other physical details ill. ;
Dimensions 24 cm.
500 ## - GENERAL NOTE
General note Includes index.
600 10 - SUBJECT ADDED ENTRY--PERSONAL NAME
Personal name Pahlavi, Ashraf,
Titles and other words associated with a name Princess,
Dates associated with a name 1919-2016.
650 #0 - SUBJECT ADDED ENTRY--TOPICAL TERM
Topical term or geographic name entry element Princesses
Geographic subdivision Iran
Form subdivision Biography.
651 #0 - SUBJECT ADDED ENTRY--GEOGRAPHIC NAME
Geographic name Iran
General subdivision History
Chronological subdivision Mohammad Reza Pahlavi, 1941-1979.
906 ## - LOCAL DATA ELEMENT F, LDF (RLIN)
a 7
b cbc
c orignew
d 1
e ocip
f 19
g y-gencatlg
942 ## - ADDED ENTRY ELEMENTS (KOHA)
Source of classification or shelving scheme Dewey Decimal Classification
Koha item type Books
Holdings
Withdrawn status Lost status Source of classification or shelving scheme Damaged status Not for loan Collection code Home library Current library Shelving location Date acquired Source of acquisition Total Checkouts Full call number Barcode Date last seen Copy number Price effective from Koha item type
    Dewey Decimal Classification     Non-fiction Asiatic Society Library Asiatic Society Library Sirajul Islam Collection 07/19/2021 Donated by Professor Sirajul Islam   955.0530 PAF 110294 07/19/2021 C-1 07/19/2021 Books

Powered by Koha